[Event "Tourn. n8776"]
[Site "www.chess-mail.com"]
[Date "2016.09.14"]
[Round "1"]
[White "Yangqi"]
[Black "Heiserman"]
[WhiteElo "2690"]
[BlackElo "2340"]
[Result "1-0"]
[Round "1"]
1.e4 c6
2.d4 d5
3.Nb1c3 dxe4
4.Nc3xe4 Bc8f5
5.Ne4g3 Bf5g6
6.h4 h6
7.Ng1f3 Nb8d7
8.h5 Bg6h7
9.Bf1d3 Bh7xd3
10.Qd1xd3 Ng8f6
11.Bc1d2 e6
12.O-O-O Bf8e7
13.Kb1 Qd8b6
14.c4 O-O
15.Bd2f4 Ra8d8
16.Qd3c2 Qb6a5
17.Ng3f1 b5
18.Nf1e3 bxc4
19.Ne3xc4 Qa5d5
20.Nf3e5 Qd5b5
21.g4 Nf6d5
22.a4 Qb5b7
23.Nc4a5 Qb7a6
24.Na5xc6 Rd8c8
25.Rd1c1 Qa6b7
26.Nc6a5 Qb7a8
27.Na5c6 Nd7xe5
28.Bf4xe5 Kh8
29.Qc2d2 Be7g5
30.f4 Bg5xf4
31.Be5xf4 Rc8xc6
32.g5 hxg5
33.Bf4xg5 f6
34.Bg5f4 Qa8b7
35.Rc1xc6 Qb7xc6
36.Rh1g1 Qc6d7
37.Bf4h2  { time }
1-0

[Event "Tourn. n8950"]
[Site "www.chess-mail.com"]
[Date "2016.09.14"]
[Round "1"]
[White "4m6az"]
[Black "Mitja"]
[WhiteElo "1950"]
[BlackElo "1900"]
[Result "0-1"]
[Round "1"]
1.d4 d5
2.Nb1c3 e6
3.a3 h6
4.Bc1f4 Bf8d6
5.Bf4e3 Ng8e7
6.g3 Ne7g6
7.Bf1g2 c6
8.b4 b5
9.Ng1f3 O-O
10.Qd1d2 Nb8d7
11.h4 Rf8e8
12.h5 Ng6h8
13.Be3xh6 gxh6
14.Qd2xh6 Bd6f8
15.Qh6f4 Qd8f6
16.Qf4g4 Qf6g7
17.Qg4h4 Bf8e7
18.h6 Qg7g6
19.h7 Kf8
20.Qh4h6 Qg6xh6
21.Rh1xh6 Kg7
22.Rh6h3 Nd7f6
23.Nf3g5 Nh8g6
24.Bg2f3 Re8h8
25.O-O-O Nf6xh7
26.Ng5xh7 Rh8xh7
27.Rh3xh7 Kxh7
28.Rd1h1 Kg7
29.e4 Bc8b7
30.e5 Ra8h8
31.Rh1g1 a5
32.bxa5 Rh8a8
33.Bf3h5 Be7xa3
34.Kd1 Ra8xa5
35.f4 Ba3b4
36.Kd2 Ra5a3
{ resign }
0-1

[Event "Tourn. n8910"]
[Site "www.chess-mail.com"]
[Date "2016.09.14"]
[Round "1"]
[White "Jhzes"]
[Black "Madz123456"]
[WhiteElo "1870"]
[BlackElo "1940"]
[Result "0-1"]
[Round "1"]
1.e4 c5
2.Ng1f3 d6
3.d4 cxd4
4.Bf1b5 Bc8d7
5.Bb5xd7 Nb8xd7
6.Qd1xd4 Ng8f6
7.O-O e6
8.Qd4a4 Bf8e7
9.Bc1e3 O-O
10.Nb1c3 Qd8c7
11.Nc3b5 Qc7c6
12.Nf3d2 Nd7c5
13.Be3xc5 dxc5
14.Nb5c3 Qc6xa4
15.Nc3xa4 Ra8d8
16.Ra1d1 Rd8d7
 { time }
0-1

[Event "Tourn. n8896"]
[Site "www.chess-mail.com"]
[Date "2016.09.14"]
[Round "1"]
[White "Picifarkinca"]
[Black "Awfen"]
[WhiteElo "2000"]
[BlackElo "1970"]
[Result "1/2-1/2"]
[Round "1"]
1.e4 Nb8c6
2.Ng1f3 e5
3.Bf1b5 d6
4.h3 Bc8d7
5.c3 Ng8f6
6.Qd1e2 Bf8e7
7.O-O O-O
8.Rf1d1 a6
9.Bb5a4 Nf6h5
10.d4 exd4
11.Ba4xc6 Bd7xc6
12.Nf3xd4 Nh5f6
13.Nd4xc6 bxc6
14.Nb1d2 Nf6d7
15.Nd2f3 Be7f6
16.Bc1e3 Rf8e8
17.Qe2c4 c5
18.Rd1d2 Nd7b6
19.Qc4e2 Re8xe4
20.Ra1e1 Qd8e7
21.Qe2d3 d5
22.a4 a5
23.Rd2e2 c4
24.Qd3d1 Ra8e8
25.Nf3d4 Bf6xd4
26.cxd4 c3
27.bxc3 Nb6c4
28.Kf1 Nc4xe3
29.Re2xe3 Re4xe3
30.Re1xe3 Qe7d7
31.Re3xe8 Qd7xe8
32.Qd1b3 Qe8d8
33.Qb3b5 Qd8a8
34.Qb5c5 c6
35.f3 { draw }
1/2-1/2

[Event "Tourn. n8951"]
[Site "www.chess-mail.com"]
[Date "2016.09.14"]
[Round "1"]
[White "4m6az"]
[Black "Attatroll"]
[WhiteElo "1839"]
[BlackElo "1840"]
[Result "1-0"]
[Round "1"]
1.e3 d5
2.c4 Ng8f6
3.Nb1c3 d4
4.exd4 Qd8xd4
5.Ng1f3 Qd4d8
6.h3 e6
7.a3 Bf8c5
8.d4 Bc5e7
9.Bc1f4 c6
10.c5 Nb8d7
11.b4 O-O
12.Bf1d3 a6
13.O-O Nf6d5
14.Nc3xd5 exd5
15.Qd1c2 Be7f6
16.Bd3xh7 Kh8
17.Bh7f5 Rf8e8
18.Ra1e1 a5
19.Re1xe8 Qd8xe8
20.Qc2d2 Nd7f8
21.Rf1e1 Nf8e6
22.Nf3e5 Bf6xe5
23.Bf4xe5 Qe8d8
24.Qd2h6 Kg8
25.Qh6h7 Kf8
26.Qh7h8 Ke7
27.Be5d6 Kf6
28.Qh8h4 Kxf5
29.g4 Kg6
30.Qh4h5 Kf6
31.Qh5f5 
1-0

[Event "Tourn. n8960"]
[Site "www.chess-mail.com"]
[Date "2016.09.14"]
[Round "1"]
[White "Norlavuaram"]
[Black "4m6az"]
[WhiteElo "2150"]
[BlackElo "2040"]
[Result "1-0"]
[Round "1"]
1.e4 c6
2.d4 d5
3.Nb1d2 h5
4.Bf1d3 dxe4
5.Nd2xe4 Qd8xd4
6.Ng1f3 Qd4b6
7.O-O f6
8.Rf1e1 c5
9.Bc1e3 Nb8d7
10.b4 Qb6xb4
11.Ra1b1 Qb4a5
12.Be3xc5 Nd7xc5
13.Bd3b5 Kf7
14.Ne4xc5 Qa5xa2
15.Rb1b3 e6
16.Nc5d7 a6
17.Bb5c4 Bc8xd7
18.Qd1xd7 Ng8e7
19.Qd7xe6 Kg6
20.Nf3e5 Kh7
21.Bc4d3 g6
22.Qe6f7 Bf8g7
23.Ne5xg6 Ne7xg6
24.Qf7xg6 Kg8
25.Bd3c4 { resign }
1-0

[Event "Tourn. n8934"]
[Site "www.chess-mail.com"]
[Date "2016.09.14"]
[Round "1"]
[White "Mao"]
[Black "Hansen"]
[WhiteElo "1680"]
[BlackElo "1610"]
[Result "1-0"]
[Round "1"]
1.e4 e6
2.d4 Qd8h4
3.Nb1c3 Bf8b4
4.Bf1d3 Nb8c6
5.Ng1f3 Qh4g4
6.O-O h6
7.h3 Qg4g6
8.d5 exd5
9.exd5 Nc6e7
10.Bd3xg6 Ne7xg6
11.Rf1e1 Kd8
12.Qd1e2 Ng8f6
13.Qe2b5 a5
14.a3 Bb4d6
15.Bc1d2 c6
16.dxc6 bxc6
17.Qb5d3 Bd6c5
18.Bd2e3 Bc8a6
19.Qd3d2 Bc5f8
20.Ra1d1 Ra8a7
21.Be3xa7 Ba6c8
22.Ba7b6 { resign }
1-0

[Event "Tourn. n8947"]
[Site "www.chess-mail.com"]
[Date "2016.09.14"]
[Round "1"]
[White "Picifarkinca"]
[Black "Umutkrc"]
[WhiteElo "2040"]
[BlackElo "1870"]
[Result "1/2-1/2"]
[Round "1"]
1.e4 e6
2.d4 Nb8c6
3.Ng1f3 a6
4.c4 d6
5.Nb1c3 Nc6e7
6.Bf1e2 f5
7.Bc1g5 fxe4
8.Nc3xe4 d5
9.cxd5 Qd8xd5
10.Ne4c3 Qd5d8
11.O-O h6
12.Bg5f4 Ng8f6
13.h3 Ne7d5
14.Nc3xd5 exd5
15.Ra1c1 c6
16.Nf3e5 Bc8f5
17.Be2h5 Nf6xh5
18.Qd1xh5 { draw }
1/2-1/2

[Event "Tourn. n8887"]
[Site "www.chess-mail.com"]
[Date "2016.09.14"]
[Round "1"]
[White "Pimpampum"]
[Black "Ejner"]
[WhiteElo "2220"]
[BlackElo "2440"]
[Result "0-1"]
[Round "1"]
1.Ng1f3 d5
2.d4 Ng8f6
3.g3 Bc8f5
4.Bf1g2 c6
5.O-O e6
6.c4 Nb8d7
7.Nb1c3 Bf8e7
8.Nf3h4 Bf5g6
9.Nh4xg6 hxg6
10.cxd5 cxd5
11.Bc1f4 a6
12.e4 Nd7b6
13.Rf1e1 dxe4
14.Nc3xe4 Nb6d5
15.Ne4xf6 gxf6
16.Bf4d2 O-O
17.Qd1b3 Qd8d7
18.Ra1c1 Ra8c8
19.h4 Rf8e8
20.h5 gxh5
21.Qb3f3 Be7f8
22.Qf3xh5 Nd5e7
23.Re1e4 Rc8xc1
24.Bd2xc1 Ne7g6
25.Re4g4 f5
26.Rg4xg6 fxg6
27.Qh5xg6 Bf8g7
28.Bc1h6 Qd7f7
29.Qg6xf7 Kxf7
30.Bh6xg7 Kxg7
31.Bg2xb7 a5
32.b3 Re8d8
33.Kg2 Rd8xd4
34.Bb7a6 Rd4d2
35.a4 Kf6
36.Kf3 Ke5
37.Ke3 Rd2c2
38.Ba6c4 Rc2b2
39.f3 Rb2g2
40.f4 Kd6
41.Kf3 Rg2c2
42.Ke3 Rc2c3
43.Kf2 e5
44.fxe5 Kxe5
45.Kg2 Ke4
{ resign }
0-1

[Event "Tourn. n8953"]
[Site "www.chess-mail.com"]
[Date "2016.09.14"]
[Round "1"]
[White "Picifarkinca"]
[Black "Bojan"]
[WhiteElo "2060"]
[BlackElo "1960"]
[Result "1/2-1/2"]
[Round "1"]
1.d4 d5
2.c4 dxc4
3.Ng1f3 c6
4.a4 b5
5.axb5 cxb5
6.Nb1c3 b4
7.Qd1a4 Bc8d7
8.Qa4xb4 Qd8c7
9.e3 e5
10.Qb4xc4 Qc7xc4
11.Bf1xc4 exd4
12.Nf3xd4 Nb8c6
13.Nd4xc6 { draw }
1/2-1/2

[Event "Tourn. n8896"]
[Site "www.chess-mail.com"]
[Date "2016.09.14"]
[Round "1"]
[White "Picifarkinca"]
[Black "Amaya"]
[WhiteElo "2000"]
[BlackElo "2080"]
[Result "1/2-1/2"]
[Round "1"]
1.e4 e6
2.g3 d5
3.Bf1g2 dxe4
4.Bg2xe4 Ng8f6
5.Be4g2 Bf8e7
6.d4 O-O
7.Ng1e2 Nb8c6
8.c3 Bc8d7
9.O-O Ra8b8
10.Ne2f4 Nf6d5
11.Nf4xd5 exd5
12.Bg2xd5 Bd7f5
13.Qd1f3 Bf5h3
14.Rf1e1 Qd8d7
15.Bd5xc6 bxc6
16.Nb1d2 c5
17.Nd2c4 cxd4
18.Nc4e5 Qd7e6
19.Bc1f4 Qe6f6
20.Qf3e2 Be7d6
21.cxd4 Rf8e8
22.Qe2h5 Bh3f5
23.Qh5g5 Qf6xg5
24.Bf4xg5 f6
25.g4 fxe5
26.gxf5 exd4
27.Re1xe8 Rb8xe8
28.Ra1d1 c5
29.b4 Re8e2
30.bxc5 Bd6xc5
31.Rd1d2 Re2e4
32.f3 Re4e5
{ draw }
1/2-1/2

[Event "Tourn. n8903"]
[Site "www.chess-mail.com"]
[Date "2016.09.14"]
[Round "1"]
[White "Jhzes"]
[Black "Yakke"]
[WhiteElo "1810"]
[BlackElo "1770"]
[Result "0-1"]
[Round "1"]
1.Ng1f3 Nb8c6
2.e4 e5
3.Bf1c4 Qd8f6
4.d3 Bf8c5
5.O-O d6
6.Bc1g5 Qf6g6
7.Qd1d2 h6
8.Bg5e3 Bc5xe3
9.fxe3 Bc8h3
10.Nf3h4 Qg6h5
11.Bc4xf7 Qh5xf7
12.Rf1xf7 O-O-O
13.Rf7xg7 Ng8e7
14.gxh3 Rd8g8
15.Rg7xg8 Rh8xg8
16.Kh1 Nc6d8
17.Nb1a3 Nd8e6
18.Qd2f2 Ne6c5
 { time }
0-1

[Event "Tourn. n8951"]
[Site "www.chess-mail.com"]
[Date "2016.09.14"]
[Round "1"]
[White "Cal"]
[Black "4m6az"]
[WhiteElo "1710"]
[BlackElo "1839"]
[Result "0-1"]
[Round "1"]
1.Nb1c3 Ng8f6
2.e4 e5
3.a3 Bf8c5
4.h3 c6
5.d3 d5
6.exd5 cxd5
7.Ng1f3 Nb8c6
8.Bc1g5 d4
9.Nc3e4 Bc5b6
10.c3 dxc3
11.bxc3 Bc8f5
12.Qd1a4 Bf5d7
13.Qa4c4 Bd7e6
14.Bg5xf6 gxf6
15.Qc4b5 a6
16.Qb5b2 h6
17.Bf1e2 f5
18.Ne4g3 Rh8g8
19.O-O Rg8xg3
20.d4 exd4
21.Qb2c2 Rg3g7
22.c4 Nc6a5
23.Nf3e5 Qd8c7
24.Ra1d1 Qc7xe5
25.Qc2d3 Be6xc4
26.Qd3f3 Bc4xe2
27.Rf1e1 Be2xf3
28.Re1xe5 Kf8
29.Rd1b1 Rg7xg2
30.Kf1 Na5c4
31.Re5xf5 Nc4d2
32.Ke1 Nd2xb1
33.Rf5xf3 Rg2g1
34.Ke2 Ra8e8
35.Kd3 Rg1c1
36.Rf3f6 Rc1c3

0-1

[Event "Tourn. n8897"]
[Site "www.chess-mail.com"]
[Date "2016.09.14"]
[Round "1"]
[White "Comrade"]
[Black "Pimpampum"]
[WhiteElo "2180"]
[BlackElo "2210"]
[Result "1-0"]
[Round "1"]
1.c4 e5
2.Nb1c3 Bf8c5
3.Ng1f3 Nb8c6
4.e3 d6
5.a3 a5
6.d4 exd4
7.exd4 Bc5b6
8.Nc3d5 Bb6a7
9.b4 Ng8e7
10.Bc1d2 Nc6xd4
11.Nf3xd4 Ba7xd4
12.Nd5c3 Bc8f5
13.Bf1e2 O-O
14.O-O Ne7c6
15.Qd1b3 a4
16.Qb3a2 Nc6e5
17.Ra1d1 Rf8e8
18.Nc3b5 Bd4b6
19.Bd2f4 Ne5g4
20.c5 Bb6a7
21.cxd6 cxd6
22.Rd1xd6 Qd8e7
23.h3 Ng4f6
24.Nb5xa7 Qe7xe2
25.Qa2xe2 Re8xe2
26.Na7b5 h6
27.Nb5c7 Ra8c8
28.Nc7d5 Nf6e4
29.Nd5e7 { resign }
1-0

[Event "Tourn. n8876"]
[Site "www.chess-mail.com"]
[Date "2016.09.14"]
[Round "1"]
[White "Francesco"]
[Black "Bichoraro92"]
[WhiteElo "1970"]
[BlackElo "1929"]
[Result "1-0"]
[Round "1"]
1.e4 e5
2.Ng1f3 Ng8f6
3.Nf3xe5 d6
4.Ne5f3 Nf6xe4
5.Bf1c4 d5
6.Bc4b3 Bf8e7
7.d3 Ne4f6
8.O-O Bc8g4
9.Bc1f4 O-O
10.Rf1e1 c6
11.Nb1d2 Nb8d7
12.h3 Bg4h5
13.d4 Rf8e8
14.c3 Nd7f8
15.Bb3c2 Nf8e6
16.Bf4h2 Be7d6
17.g4 Bh5g6
18.Nf3e5 Bg6xc2
19.Qd1xc2 Qd8c7
20.Nd2f3 Nf6e4
21.Re1e2 f6
22.Ne5d3 Bd6xh2
23.Nf3xh2 Ne6f4
24.Nd3xf4 Qc7xf4
25.Ra1e1 h5
26.f3 Ne4d6
27.Re2xe8 Ra8xe8
28.Re1xe8 Nd6xe8
29.Qc2e2 Qf4g3
30.Qe2g2 Qg3e1
31.Qg2f1 Qe1g3
32.Qf1g2 Qg3xg2
33.Kxg2 hxg4
34.hxg4 Ne8d6
35.Kg3 Nd6c4
36.b3 Nc4e3
37.Kf4 Ne3d1
38.c4 Nd1c3
39.a3 Nc3b1
40.cxd5 cxd5
41.a4  { time }
1-0

[Event "Tourn. n8949"]
[Site "www.chess-mail.com"]
[Date "2016.09.14"]
[Round "1"]
[White "Mitja"]
[Black "4m6az"]
[WhiteElo "1900"]
[BlackElo "1809"]
[Result "1-0"]
[Round "1"]
1.d4 e6
2.e3 c5
3.dxc5 Bf8xc5
4.c3 Ng8f6
5.Ng1f3 Qd8b6
6.Nb1d2 d5
7.Nd2b3 Bc5d6
8.Bf1e2 Bc8d7
9.Qd1c2 e5
10.h3 g6
11.Nb3d2 Bd7f5
12.Qc2d1 Nb8d7
13.b3 Nd7c5
14.Bc1b2 Nc5d3
15.Be2xd3 Bf5xd3
16.Nd2b1 e4
17.Nf3d4 O-O
18.Qd1d2 Ra8c8
19.Nd4e2 a5
20.O-O Bd6e5
21.Rf1c1 Qb6b5
22.Kf1 Nf6d7
23.Nb1a3 Qb5a6
24.Na3c2 Bd3xe2
25.Qd2xe2 Qa6xe2
26.Kxe2 Be5xc3
27.Bb2xc3 Rc8xc3
28.Nc2d4 Rc3xc1
29.Ra1xc1 Nd7e5
30.Rc1c5 b6
31.Rc5xd5 Ne5d3
32.Rd5b5 Nd3c1
33.Kd2 Nc1xa2
34.Rb5xb6 Na2b4
35.Rb6b5 Rf8d8
36.Rb5xa5 Nb4c6
37.Ra5a4 f5
38.Ra4c4 Nc6a5
39.Rc4b4 Na5c6
40.Rb4a4 Nc6e5
41.b4 g5
42.b5 f4
43.b6 Rd8b8
44.Nd4f5 fxe3
45.Kxe3 Ne5d7
46.Ra4a7 Nd7xb6
47.Nf5e7 Kf8
48.Ne7f5 Rb8e8
49.Ra7xh7 Nb6c4
50.Ke2 Re8e5
51.Nf5e3 Nc4xe3
52.Kxe3 Kg8
53.Rh7d7 Kf8
54.Rd7d4 Kf7
55.Rd4xe4 Re5xe4
56.Kxe4 Kf6
57.f4 gxf4
58.Kxf4 Kg6
59.g4 Kh6
60.Kf5 Kh7
61.Kg5 Kg7
62.h4 Kh7
63.Kh5 Kg8
64.Kh6 Kh8
65.g5 Kg8
66.g6 Kh8
67.g7 Kg8
68.h5 Kf7
69.Kh7 { resign }
1-0

[Event "Tourn. n8935"]
[Site "www.chess-mail.com"]
[Date "2016.09.14"]
[Round "1"]
[White "Pimpampum"]
[Black "Kampungboy"]
[WhiteElo "2240"]
[BlackElo "2430"]
[Result "0-1"]
[Round "1"]
1.d4 f5
2.g3 Ng8f6
3.Bf1g2 e6
4.Ng1h3 Bf8e7
5.O-O O-O
6.f3 c5
7.c3 Qd8b6
8.e3 Nb8c6
9.Nb1d2 d5
10.Qd1b3 Qb6c7
11.Nh3f4 Bc8d7
12.Rf1e1 b6
13.Qb3d1 Be7d6
14.Nd2b3 Ra8e8
15.Bc1d2 e5
16.Nf4e2 e4
17.f4 c4
18.Nb3c1 b5
19.Kf1 a5
20.Ne2g1 Nf6g4
21.Ng1h3 Ng4xh2
22.Kg1 Nh2g4
23.b3 Nc6b4
24.cxb4 c3
25.Bd2xc3 Qc7xc3
{ resign }
0-1

[Event "Tourn. n8882"]
[Site "www.chess-mail.com"]
[Date "2016.09.14"]
[Round "1"]
[White "Osopanda"]
[Black "Julian"]
[WhiteElo "1980"]
[BlackElo "2090"]
[Result "1/2-1/2"]
[Round "1"]
1.d4 d5
2.c4 e6
3.Nb1c3 Ng8f6
4.Bc1g5 Bf8e7
5.e3 Nb8d7
6.Ng1f3 O-O
7.cxd5 exd5
8.Bf1d3 c5
9.dxc5 Nd7xc5
10.Bd3c2 Bc8g4
11.O-O h6
12.Bg5xf6 Be7xf6
13.h3 Bg4h5
14.g4 Bh5g6
15.Bc2xg6 fxg6
16.Qd1xd5 Qd8xd5
17.Nc3xd5 Bf6xb2
18.Ra1b1 Bb2a3
19.Nf3e5 Kh7
20.f4 Nc5e4
21.Nd5c7 Ra8c8
22.Nc7e6 Rf8e8
23.Ne6d4 Rc8c7
24.Kg2 g5
25.Kf3 Ne4d2
26.Ke2 Nd2xf1
27.Kxf1 gxf4
28.exf4 g5
29.Nd4f5 gxf4
30.Ne5d3 Re8e4
31.Rb1b3 Ba3f8
32.Kf2 Rc7c2
33.Kf3 Re4a4
34.a3 Ra4xa3
35.Rb3xa3 Bf8xa3
36.Nd3xf4 Ba3c1
37.Nf4h5 Bc1g5
38.h4 Bg5c1
39.Nh5f6 Kg6
40.Nf6d5 a5
41.h5 Kh7
42.Nd5f6 Kh8
43.Ke4 a4
44.Nf6d5 Bc1g5
45.Nf5d4 Rc2c4
46.Nd5b6 Rc4b4
47.Nb6d5 Rb4b1
48.Nd5c3 Rb1b4
49.Kd3 a3
50.Nc3a2 Rb4xd4
51.Kxd4 b5
52.Kc3 Kg7
53.Kb4 Kf6
54.Kxb5 Ke5
55.Kb4 Kf4
56.Kxa3 Kxg4
57.Na2c3 Kxh5
58.Nc3e4 Kg6
59.Kb3 h5
60.Kc2 Kf5
61.Ne4g3 Kg4
{ draw }
1/2-1/2

[Event "Tourn. n8946"]
[Site "www.chess-mail.com"]
[Date "2016.09.14"]
[Round "1"]
[White "Nulladies"]
[Black "Umutkrc"]
[WhiteElo "1860"]
[BlackElo "1870"]
[Result "0-1"]
[Round "1"]
1.d4 e6
2.Bc1f4 d5
3.Ng1f3 Nb8c6
4.e3 a6
5.Nb1d2 Bf8d6
6.Nf3e5 Nc6xe5
7.dxe5 Bd6e7
8.c4 g5
9.Bf4g3 h5
10.h3 h4
11.Bg3h2 f6
12.Bf1e2 Ng8h6
13.Be2h5 Nh6f7
14.Qd1a4 c6
15.cxd5 Rh8xh5
16.dxc6 bxc6
17.Qa4xc6 Bc8d7
18.Qc6f3 Rh5h6
19.O-O f5
20.Rf1d1 Qd8b6
21.Qf3xa8 Nf7d8
22.Nd2c4 Qb6b5
23.b3 Kf7
24.Nc4d6 Be7xd6
25.exd6 Nd8b7
26.Ra1c1 e5
27.Qa8b8 Rh6e6
28.Qb8c7 Kf6
29.Qc7c4 Qb5b6
30.Qc4c7 Qb6b5
31.a4 Qb5b4
32.Qc7xd7 Re6xd6
33.Rd1xd6 Nb7xd6
34.Rc1d1 Nd6f7
35.Qd7c6 Kg7
36.Qc6c4 Qb4b6
37.Rd1d7 Qb6g6
38.Bh2xe5 Kg8
39.Rd7d8 Kh7
40.Qc4xf7 Qg6xf7
41.Rd8h8 Kg6
42.f4 Qf7xb3
43.Rh8g8 Kf7
44.Rg8xg5 Qb3xe3
45.Kh2 Qe3e4
46.Rg5g7 Kf8
47.Rg7h7 Qe4xa4
48.Rh7xh4 a5
49.Rh4h8 Kf7
50.h4 Qa4b3
51.h5 Qb3d1
52.Rh8h7 Ke6
53.Rh7h8 a4
54.Rh8a8 Qd1xh5
55.Kg3 Qh5d1
56.Ra8a6 Ke7
57.Ra6a7 Kf8
58.Ra7a8 Kf7
59.Ra8a7 Kg6
60.Ra7a6 Kh5
61.Kh3 Qd1d3
{ resign }
0-1

[Event "Tourn. n8953"]
[Site "www.chess-mail.com"]
[Date "2016.09.14"]
[Round "1"]
[White "Awfen"]
[Black "4m6az"]
[WhiteElo "2020"]
[BlackElo "1950"]
[Result "1-0"]
[Round "1"]
1.e4 e5
2.Ng1f3 Qd8f6
3.Bf1c4 Bf8c5
4.O-O Ng8e7
5.c3 Nb8c6
6.b4 Bc5b6
7.d3 h6
8.Nb1d2 a6
9.a4 Bb6a7
10.Nd2b3 d6
11.b5 axb5
12.axb5 Nc6d8
13.Bc1b2 c6
14.b6 Qf6g6
15.Nf3h4 Qg6f6
16.Nh4f5 Ne7xf5
17.exf5 d5
18.Ra1xa7 Ra8b8
19.d4 dxc4
20.Nb3c5 Bc8xf5
21.dxe5 Qf6g6
22.e6 Bf5h3
23.Qd1d7 Kf8
24.e7 Kg8
25.e8Q { resign }
1-0

[Event "Match"]
[Site "www.echecsemail.com"]
[Date "2016.09.14"]
[Round "1"]
[White "Jaguar91"]
[Black "Heiserman"]
[WhiteElo "2140"]
[BlackElo "2370"]
[Result "1-0"]
[Round "1"]
1.e4 c6
2.d4 d5
3.e5 Bc8f5
4.g4 Bf5g6
5.Nb1c3 Nb8d7
6.Ng1e2 e6
7.Ne2f4 c5
8.dxc5  { time }
1-0

[Event "Match"]
[Site "www.echecsemail.com"]
[Date "2016.09.14"]
[Round "1"]
[White "Azorau"]
[Black "Ledzepp"]
[WhiteElo "1980"]
[BlackElo "1490"]
[Result "1-0"]
[Round "1"]
1.e4 d5
2.Nb1c3 d4
3.Nc3d5 Ng8f6
4.Nd5xf6 exf6
5.Qd1e2 f5
6.exf5 Bf8e7
7.d3 O-O
8.Bc1d2 Bc8xf5
9.Ng1f3 c5
10.g3 Nb8c6
11.O-O-O Nc6b4
12.Bd2xb4 cxb4
13.Rd1e1 Ra8c8
14.Qe2xe7 b3
15.axb3 Bf5g4
16.Qe7e4 Qd8c7
17.Nf3xd4 Bg4e6
18.c4 Rc8e8
19.Nd4b5 Qc7d7
20.Qe4h4 a6
21.Nb5c3 b5
22.d4 Qd7xd4
23.Qh4xd4 { resign }
1-0

[Event "Match"]
[Site "www.echecsemail.com"]
[Date "2016.09.14"]
[Round "1"]
[White "Franciscus"]
[Black "Jhzes"]
[WhiteElo "2069"]
[BlackElo "1950"]
[Result "1-0"]
[Round "1"]
1.e4 c5
2.Ng1f3 e6
3.Nb1c3 a6
4.Bf1e2 b5
5.d4 c4
6.O-O d6
7.d5 e5
8.a4 Qd8a5
9.Bc1e3  { time }
1-0

[Event "Match"]
[Site "www.echecsemail.com"]
[Date "2016.09.14"]
[Round "1"]
[White "Krisis"]
[Black "Janerol"]
[WhiteElo "1499"]
[BlackElo "1420"]
[Result "0-1"]
[Round "1"]
1.b4 b5
2.Bc1b2 Nb8c6
3.e4 Nc6xb4
4.Bf1xb5 c6
5.Bb5c4 e5
6.Bb2xe5 f6
7.Be5c3 a5
8.Ng1f3 Ng8h6
9.a3 Nb4a6
10.e5 f5
11.h3 Na6c5
 { time }
0-1

[Event "Match"]
[Site "www.echecsemail.com"]
[Date "2016.09.14"]
[Round "1"]
[White "Libiesse"]
[Black "Jhzes"]
[WhiteElo "1990"]
[BlackElo "1950"]
[Result "1-0"]
[Round "1"]
1.d4 g6
2.c4 c5
3.d5 Bf8g7
4.Nb1c3 Bg7xc3
5.bxc3 d6
6.Ng1f3 Bc8g4
7.h3 Bg4xf3
8.gxf3 e6
9.Ra1b1 b6
10.e4 Qd8f6
11.Rh1g1 Qf6xc3
12.Bc1d2 Qc3e5
13.Qd1e2 Nb8d7
14.f4 Qe5d4
15.Rg1g3 Qd4f6
16.Bf1g2 e5
17.Bd2c3 Qf6h4
18.Rg3g4 Qh4e7
19.fxe5 dxe5
20.Rb1d1 Qe7d6
21.Bg2h1 h5
22.Rg4g3 Ng8e7
23.f4 exf4
24.e5 Qd6b8
25.Rg3g1 Ne7f5
26.e6 O-O
27.Qe2xh5 Nd7e5
28.d6  { time }
1-0

[Event "Match"]
[Site "www.echecsemail.com"]
[Date "2016.09.14"]
[Round "1"]
[White "Jhzes"]
[Black "Paco"]
[WhiteElo "1870"]
[BlackElo "1920"]
[Result "0-1"]
[Round "1"]
1.c4 e5
2.e3 Nb8c6
3.a3 d5
4.cxd5 Qd8xd5
5.Nb1c3 Qd5d6
6.Bf1b5 Bc8f5
7.b4 a6
8.Bb5c4 Ng8f6
9.Qd1b3 Bf5g6
10.Ng1e2 a5
11.b5 a4
12.Qb3a2 Nc6e7
13.Qa2c2 Bg6xc2
14.O-O e4
15.g3 Bc2d3
16.Bc4xd3 exd3
17.Ne2f4 g5
18.Nf4h3 g4
19.Nh3g5 Bf8g7
20.Ra1b1 Nf6d5
21.Nc3e4 Qd6b6
22.f3 f6
23.Bc1b2 O-O
 { time }
0-1

[Event "Match"]
[Site "www.echecsemail.com"]
[Date "2016.09.14"]
[Round "1"]
[White "Susov"]
[Black "Karpov35"]
[WhiteElo "1880"]
[BlackElo "1809"]
[Result "0-1"]
[Round "1"]
1.e4 g6
2.d4 d6
3.Ng1f3 Bf8g7
4.Nb1c3 Nb8d7
5.g4 e5
6.d5 a5
7.Bf1b5 Ng8f6
8.g5 Nf6h5
9.h4 O-O
10.Bc1e3 f6
11.Bb5e2 fxg5
12.Nf3xg5 Nd7f6
13.Be2xh5 Nf6xh5
14.Qd1e2 Bc8d7
15.O-O-O Qd8f6
16.Rd1f1 h6
17.Ng5f3 Qf6xf3
18.Qe2xf3 Rf8xf3
19.Rf1g1 Kh7
20.Nc3e2 Bd7b5
21.Ne2g3 Nh5xg3
22.Rg1xg3 Rf3xg3
23.fxg3 Ra8f8
24.b3 Rf8f3
25.Be3d2 Rf3xg3
26.Bd2xa5 b6
27.Ba5d2 Rg3g4
28.c4 Bb5d7
29.Kc2 Rg4xe4
30.Bd2e1 Bd7f5
31.Kc3 Re4e2
32.a4 e4
33.Kb4 e3
34.Kb5 Re2b2
35.b4 Bf5d3
36.Rh1h3 Rb2e2
37.Rh3h1 Re2xe1
38.Rh1xe1 e2
39.Kc6 Bg7c3
40.Re1c1 e1Q
41.Rc1xe1 Bc3xe1
42.Kxc7 Be1xb4
43.Kxb6 Bd3xc4
44.a5 Bc4xd5
45.a6 Bb4c5
46.Kb5 Bd5a8
{ resign }
0-1

[Event "Match"]
[Site "www.echecsemail.com"]
[Date "2016.09.14"]
[Round "1"]
[White "Picifarkinca"]
[Black "Odin"]
[WhiteElo "2000"]
[BlackElo "1940"]
[Result "1/2-1/2"]
[Round "1"]
1.e4 e5
2.f4 Qd8h4
3.g3 Qh4e7
4.Ng1f3 d6
5.f5 Ng8f6
6.d3 Nb8c6
7.Bf1g2 d5
8.O-O Qe7c5
9.Kh1 Nf6g4
10.Qd1e2 b6
11.h3 dxe4
12.dxe4 Ng4f6
13.c3 Nf6h5
14.Kh2 g6
15.fxg6 hxg6
16.Bc1e3 Qc5e7
17.Nb1a3 f5
18.Be3g5 Qe7h7
19.exf5 Bf8d6
20.Na3c4 Bc8xf5
21.Nc4xd6 cxd6
22.h4 Bf5g4
23.Qe2e4 Ra8c8
24.Qe4xg4 Qh7d7
25.Qg4xd7 { draw }
1/2-1/2

[Event "Match"]
[Site "www.echecsemail.com"]
[Date "2016.09.14"]
[Round "1"]
[White "4m6az"]
[Black "Whitekknight"]
[WhiteElo "1809"]
[BlackElo "1970"]
[Result "0-1"]
[Round "1"]
1.e3 e5
2.Bf1c4 d5
3.Bc4b3 Nb8c6
4.Nb1c3 Ng8f6
5.d3 Bc8e6
6.d4 e4
7.f3 Nc6a5
8.Bb3a4 c6
9.Qd1e2 Bf8b4
10.Bc1d2 b5
11.Ba4b3 Na5xb3
12.axb3 a5
13.Nc3a2 Bb4xd2
14.Qe2xd2 O-O
15.Ng1e2 Nf6h5
16.fxe4 dxe4
17.Na2c3 f5
18.O-O g6
19.Qd2e1 Qd8g5
20.Qe1f2 Ra8a7
21.h3 b4
22.Nc3xe4 Qg5e7
23.Ne4c5 Be6d5
24.Ne2f4 Nh5xf4
25.Qf2xf4 Rf8e8
26.Ra1e1 Kg7
27.Nc5d3 Bd5e4
28.Nd3e5 Ra7c7
29.g4 Be4xc2
30.gxf5 Bc2xf5
31.Qf4g3 Qe7e6
32.Rf1f3 Re8f8
33.Re1f1 Rf8f6
34.Ne5g4 Rf6f7
35.Rf3xf5 gxf5
36.Ng4e5 Kf8
37.Ne5xf7 Rc7xf7
38.Qg3b8 Kg7
39.Rf1f3 Rf7f6
40.Qb8a7 Kh6
41.Qa7xa5 Qe6xb3
42.Qa5d8 Rf6g6
43.Kf1 Qb3d1
44.Kf2 Qd1d2
45.Kf1 Qd2g2
{ resign }
0-1

[Event "Match"]
[Site "www.echecsemail.com"]
[Date "2016.09.14"]
[Round "1"]
[White "Guidom"]
[Black "4m6az"]
[WhiteElo "2040"]
[BlackElo "1960"]
[Result "1-0"]
[Round "1"]
1.e4 c6
2.d4 e5
3.dxe5 Qd8a5
4.Nb1c3 Qa5xe5
5.Ng1f3 Qe5c7
6.Bf1c4 Bf8e7
7.e5 h6
8.O-O b5
9.Bc4b3 Bc8a6
10.Rf1e1 c5
11.Nc3d5 Qc7b7
12.c3 Nb8c6
13.Nd5xe7 Ng8xe7
14.Qd1d6 Ne7f5
15.Qd6d5 O-O
16.c4 bxc4
17.Bb3xc4 Nc6b4
18.Qd5xb7 Ba6xb7
19.Re1d1 Nb4c2
20.Ra1b1 Bb7e4
21.Nf3d2 Nc2e3
22.fxe3 Nf5xe3
23.Nd2xe4 Ne3xd1
24.Bc1f4 g5
25.Ne4f6 Kg7
26.Bf4d2 Nd1xb2
27.Rb1xb2 Ra8b8
28.Rb2xb8 Rf8xb8
29.Nf6xd7 Rb8b1
30.Kf2 Rb1b2
31.Ke3 Rb2b1
32.Nd7xc5 { resign }
1-0

[Event "Match"]
[Site "www.echecsemail.com"]
[Date "2016.09.14"]
[Round "1"]
[White "Chapi"]
[Black "4m6az"]
[WhiteElo "2090"]
[BlackElo "1960"]
[Result "1-0"]
[Round "1"]
1.d4 e6
2.c4 Bf8b4
3.Bc1d2 Bb4xd2
4.Nb1xd2 Qd8f6
5.Ng1f3 b6
6.e3 Bc8b7
7.Bf1d3 d5
8.b4 dxc4
9.Nd2xc4 Nb8d7
10.O-O Ng8e7
11.Nc4e5 Bb7xf3
12.Ne5xf3 Ne7d5
13.Qd1a4 a5
14.Bd3b5 Qf6e7
15.Nf3e5 Nd5f6
16.Rf1c1 Ra8a7
17.Ne5c6 Qe7d6
18.Nc6xa7 Nf6g4
19.g3 Ke7
20.Bb5xd7 axb4
21.Na7c6 { resign }
1-0

[Event "Match"]
[Site "www.echecsemail.com"]
[Date "2016.09.14"]
[Round "1"]
[White "4m6az"]
[Black "Biggles"]
[WhiteElo "1950"]
[BlackElo "2130"]
[Result "0-1"]
[Round "1"]
1.e4 e5
2.Ng1f3 Nb8c6
3.Bf1c4 Ng8f6
4.d3 d6
5.Nf3g5 d5
6.exd5 Nf6xd5
7.Qd1f3 Bc8e6
8.Bc4b5 Bf8e7
9.Ng5xe6 fxe6
10.Bb5xc6 bxc6
11.Qf3h5 Kd7
12.Qh5xe5 Be7f6
13.Qe5g3 Qd8e7
14.O-O Ra8b8
15.c3 Rh8f8
16.c4 Nd5b6
17.b3 Bf6xa1
18.Bc1a3 c5
19.d4 Ba1xd4
20.Rf1d1 Qe7f6
21.Ba3xc5 e5
22.Bc5xf8 Rb8xf8
23.h4 Kc8
24.Qg3g4 Kb8
25.Qg4e4 Bd4xf2
26.Kh2 Qf6xh4
27.Qe4xh4 Bf2xh4
28.g3 Bh4e7
29.Nb1c3 Nb6c8
30.a4 Nc8d6
31.c5 Nd6f5
32.b4 Nf5d4
33.Rd1d3 g5
34.Nc3e4 h5
35.Kg2 Nd4c2
36.Kg1 Nc2xb4
37.Rd3b3 a5
38.Kh2 Kc8
39.Rb3b1 h4
40.gxh4 gxh4
41.Kh3 Nb4d3
42.Rb1b5 Nd3f2
43.Ne4xf2 Rf8xf2
44.Rb5xa5 e4
45.c6 Kb8
46.Ra5e5 Rf2f3
47.Kg2 h3
48.Kg1 Be7d6
49.Re5b5 Ka7
50.Rb5b7 Ka6
{ resign }
0-1